[Event "33. Potsdamer Weihnachtsturnier"]
[Site "Potsdam"]
[Date "2008.12.30"]
[Round "7.1"]
[White "Rietze, Clemens"]
[Black "Reichenbach, Werner"]
[Result "1/2-1/2"]
[WhiteElo "2155"]
[BlackElo "2285"]
[PlyCount "52"]
[EventDate "2009.??.??"]
[WhiteTeam "ESV Lok Falkenberg e.V."]
[BlackTeam "Schachclub Schwante"]

1. d4 d5 2. c4 c6 3. Nf3 Nf6 4. Nc3 e6 5. Bg5 Nbd7 6. e3 Bb4 7. Nd2 Qa5 8. Qc2
dxc4 9. Bxf6 Nxf6 10. Nxc4 Qd8 11. Be2 O-O 12. O-O Nd5 13. Rfd1 Nb6 14. Ne5 Qe7
15. Ne4 Nd7 16. Rac1 Ba5 17. f4 Nf6 18. Bc4 Nd5 19. Qf2 f6 20. Nd3 Bc7 21. Nd2
Bd7 22. Rf1 Be8 23. e4 Nb6 24. Bb3 Bf7 25. Qe3 Rad8 26. Nf3 Nd7 1/2-1/2

[Event "33. Potsdamer Weihnachtsturnier"]
[Site "Potsdam"]
[Date "2008.12.30"]
[Round "7.2"]
[White "Schirrmacher, Carsten"]
[Black "Mueller, Hans Georg"]
[Result "0-1"]
[WhiteElo "2026"]
[BlackElo "2261"]
[PlyCount "120"]
[EventDate "2009.??.??"]
[WhiteTeam "SC Zitadelle Spandau 1977 e.V."]
[BlackTeam "SF Wadgassen/Differten e.V."]

1. d4 d6 2. c4 e5 3. Nf3 e4 4. Ng5 f5 5. h4 h6 6. Nh3 Qxh4 7. Nc3 c6 8. e3 g6
9. d5 Nd7 10. dxc6 bxc6 11. Qa4 Bb7 12. Be2 Nc5 13. Qa5 Qd8 14. Qxd8+ Rxd8
15. Nf4 Kf7 16. b4 Ne6 17. Nxe6 Kxe6 18. Bb2 Rh7 19. Bd1 Nf6 20. Ne2 c5
21. Nf4+ Kf7 22. b5 g5 23. Nh5 Be7 24. a4 Rf8 25. a5 Bd8 26. Be2 Ke6 27. Nxf6
Bxf6 28. O-O-O Bxb2+ 29. Kxb2 Rfh8 30. Bh5 Rd7 31. Kc3 Ke5 32. Rd2 Rg7 33. Be2
f4 34. Bg4 Ba8 35. exf4+ gxf4 36. f3 Rg5 37. Bd7 e3 38. Re2 h5 39. Rb1 Rb8
40. Bh3 Rgg8 41. Reb2 d5 42. b6 d4+ 43. Kd3 Bc6 44. bxa7 Rxb2 45. Rxb2 Ra8
46. Rb6 Kd6 47. Bf5 Rxa7 48. Be4 Rxa5 49. Rxc6+ Kd7 50. Rb6 Ra3+ 51. Ke2 Ra2+
52. Kf1 Rf2+ 53. Kg1 Rd2 54. Rb1 Ke7 55. Kf1 Kf6 56. Kg1 Kg5 57. Kf1 d3 58. Kg1
Kh4 59. Kf1 e2+ 60. Kf2 Rd1 0-1

[Event "33. Potsdamer Weihnachtsturnier"]
[Site "Potsdam"]
[Date "2008.12.30"]
[Round "7.3"]
[White "Bruedigam, Martin"]
[Black "Gebigke, Martin"]
[Result "1/2-1/2"]
[WhiteElo "2227"]
[BlackElo "2165"]
[PlyCount "62"]
[EventDate "2009.??.??"]
[WhiteTeam "USV Potsdam e.V., Abt. Schach"]
[BlackTeam "SV Berolina Mitte e.V."]

1. d4 Nf6 2. c4 e6 3. Nc3 Bb4 4. Qc2 c5 5. dxc5 Na6 6. c6 dxc6 7. Nf3 Qa5
8. Bd2 O-O 9. a3 Nc5 10. Rd1 Bxc3 11. Bxc3 Qa4 12. Qxa4 Nxa4 13. Bxf6 gxf6
14. b3 Nc5 15. Nd2 a5 16. g3 e5 17. Rb1 Bf5 18. Rb2 Rfd8 19. g4 Be6 20. Rg1 Kf8
21. Rg3 Rxd2 22. Rxd2 Ne4 23. Rh3 Nxd2 24. Kxd2 Rd8+ 25. Rd3 Rxd3+ 26. exd3
Bxg4 27. Bg2 Ke7 28. b4 axb4 29. axb4 Kd6 30. c5+ Kc7 31. Ke3 Be6 1/2-1/2

[Event "33. Potsdamer Weihnachtsturnier"]
[Site "Potsdam"]
[Date "2008.12.30"]
[Round "7.4"]
[White "Bindig, Markus"]
[Black "Schoene, Ralf"]
[Result "0-1"]
[WhiteElo "1996"]
[BlackElo "2311"]
[PlyCount "88"]
[EventDate "2009.??.??"]
[WhiteTeam "Muldental Wilkau-Hasslau"]
[BlackTeam "SV Marzahna 57 e.V."]

1. e4 d6 2. d4 g6 3. Nc3 Bg7 4. Be3 Nf6 5. f3 O-O 6. Qd2 Nc6 7. O-O-O e5
8. Nge2 a6 9. Bh6 Nxd4 10. Nxd4 exd4 11. Bxg7 dxc3 12. Qh6 Re8 13. h4 Re5
14. g4 Bxg4 15. Bxf6 Qxf6 16. fxg4 Rxe4 17. Bd3 Rxg4 18. h5 Qg5+ 19. Qxg5 cxb2+
20. Kxb2 Rxg5 21. Rde1 Re5 22. Rxe5 dxe5 23. Kc3 Rd8 24. h6 f5 25. Bc4+ Kf8
26. a4 Ke7 27. Rb1 b6 28. Bxa6 Kf6 29. Kc4 g5 30. Kb5 Rd5+ 31. Kb4 g4 32. c4
Rc5 33. Rd1 Kg5 34. Rd5 Rxd5 35. cxd5 e4 36. Bf1 f4 37. Kb5 f3 38. Kc6 g3
39. Kxc7 g2 40. Bxg2 fxg2 41. d6 g1=Q 42. d7 Qc5+ 43. Kb7 Qd6 44. Kc8 Qc6+ 0-1

[Event "33. Potsdamer Weihnachtsturnier"]
[Site "Potsdam"]
[Date "2008.12.30"]
[Round "7.5"]
[White "Mantau, Jan"]
[Black "Schmidt, Joerg"]
[Result "1-0"]
[WhiteElo "2234"]
[BlackElo "2122"]
[PlyCount "133"]
[EventDate "2009.??.??"]
[WhiteTeam "Schachclub Rathenow e.V."]
[BlackTeam "SV Aufbau Bernburg"]

1. e4 c5 2. Nf3 e6 3. d4 cxd4 4. Nxd4 Nf6 5. Nc3 d6 6. Be2 Be7 7. O-O O-O
8. Be3 Nc6 9. Nb3 a6 10. a4 Na5 11. Nd2 d5 12. exd5 exd5 13. Nf3 Nc4 14. Nxd5
Nxe3 15. Nxe3 Qb6 16. Nc4 Qc7 17. Qd4 Be6 18. Qe5 Rac8 19. Qxc7 Rxc7 20. Ne3
Ne4 21. Rfd1 Rd8 22. Rxd8+ Bxd8 23. Rd1 Rd7 24. Ne5 Rxd1+ 25. Bxd1 f6 26. Nd3
b5 27. axb5 axb5 28. Bf3 Nd6 29. Bd5 Kf7 30. Nc5 Bxd5 31. Nxd5 Nc4 32. b3 Nb6
33. Nxb6 Bxb6 34. Nd3 Ke6 35. Kf1 Kd5 36. Ke2 Kd4 37. Kd2 Ba5+ 38. b4 Bc7
39. h3 g5 40. c3+ Kc4 41. Kc2 h5 42. Nb2+ Kd5 43. Kd3 g4 44. c4+ bxc4+ 45. Nxc4
f5 46. b5 f4 47. f3 gxh3 48. gxh3 Kc5 49. b6 Bb8 50. b7 Bc7 51. Nb2 Kc6 52. Ke4
Kxb7 53. Nd3 Kc6 54. Nxf4 h4 55. Ng6 Bd8 56. Ke5 Kd7 57. f4 Bc7+ 58. Kf6 Bd8+
59. Kf7 Kd6 60. f5 Kd5 61. f6 Ba5 62. Ne7+ Ke4 63. Kg6 Bb4 64. Kg5 Bc3 65. f7
Bg7 66. Ng6 Kf3 67. Kxh4 1-0

[Event "33. Potsdamer Weihnachtsturnier"]
[Site "Potsdam"]
[Date "2008.12.30"]
[Round "7.6"]
[White "Cusnariov, Nicolai"]
[Black "Koetz, Andreas"]
[Result "1-0"]
[WhiteElo "2153"]
[BlackElo "2046"]
[PlyCount "61"]
[EventDate "2009.??.??"]
[WhiteTeam "USV Potsdam e.V., Abt. Schach"]
[BlackTeam "SC Zitadelle Spandau 1977 e.V."]

1. e4 c5 2. f4 e6 3. d3 d5 4. Nd2 Nf6 5. Ngf3 b6 6. c3 Be7 7. Qa4+ Bd7 8. Qc2
dxe4 9. dxe4 Bc6 10. Be2 Qc7 11. e5 Ng4 12. Ne4 Nh6 13. Be3 Nf5 14. Bf2 Qb7
15. Nfd2 h5 16. O-O-O Na6 17. Bf3 O-O-O 18. Nc4 Bd5 19. Ne3 Nxe3 20. Bxe3 f5
21. exf6 gxf6 22. f5 e5 23. Rd2 Bc6 24. Rhd1 Rxd2 25. Rxd2 Qc7 26. Qb3 Kb8
27. Qe6 Rf8 28. Bh6 Re8 29. Nxf6 Bxf6 30. Qxf6 e4 31. Bxh5 1-0

[Event "33. Potsdamer Weihnachtsturnier"]
[Site "Potsdam"]
[Date "2008.12.30"]
[Round "7.7"]
[White "Witt, Ronald"]
[Black "Bundrock, Thomas"]
[Result "1/2-1/2"]
[WhiteElo "2076"]
[BlackElo "2150"]
[PlyCount "64"]
[EventDate "2009.??.??"]
[WhiteTeam "Schachfreunde Zehdenick 76 e.V."]
[BlackTeam "USC Magdeburg"]

1. e4 d5 2. exd5 Nf6 3. Nc3 Nxd5 4. Bc4 c6 5. Qf3 e6 6. Nge2 Nd7 7. d4 Be7
8. O-O O-O 9. Bb3 a5 10. a4 N7f6 11. Nxd5 exd5 12. c3 Bg4 13. Qd3 Bxe2 14. Qxe2
Qd7 15. Bc2 Rfe8 16. Qd3 Qg4 17. Bd2 Bd6 18. Bd1 Qh4 19. g3 Qe4 20. Qxe4 Nxe4
21. Be3 Re7 22. Bf3 h6 23. Rfe1 Rae8 24. Kf1 Kh7 25. Rad1 f5 26. Bc1 g6 27. Bg2
g5 28. f3 Nf6 29. Rxe7+ Rxe7 30. Re1 Kg6 31. Rxe7 Bxe7 32. Kf2 Ne8 1/2-1/2

[Event "33. Potsdamer Weihnachtsturnier"]
[Site "Potsdam"]
[Date "2008.12.30"]
[Round "7.8"]
[White "Wiezer, Siegfried"]
[Black "Hein, Carsten"]
[Result "0-1"]
[WhiteElo "2030"]
[BlackElo "2154"]
[PlyCount "76"]
[EventDate "2009.??.??"]
[WhiteTeam "SV Koenigsjaeger Sued-West e.V."]
[BlackTeam "SC Empor Potsdam 1952 e.V."]

1. Nf3 d5 2. b4 Nf6 3. e3 Bg4 4. h3 Bxf3 5. Qxf3 e5 6. a3 Bd6 7. c4 e4 8. Qd1
Be5 9. Ra2 O-O 10. d4 exd3 11. cxd5 Qxd5 12. Rd2 Ne4 13. Rxd3 Qa2 14. Bd2 Nc6
15. Qb3 Qxb3 16. Rxb3 Rad8 17. Bc1 Rd1+ 18. Kxd1 Nxf2+ 19. Kc2 Nxh1 20. g4 Ng3
21. Bc4 Rd8 22. Nd2 a6 23. Rd3 Rxd3 24. Bxd3 Bf6 25. Nf3 Ne5 26. Nxe5 Bxe5
27. Bd2 h5 28. Be1 h4 29. Kb3 Kf8 30. Kc4 Ke7 31. Kd5 Bd6 32. Bc3 f6 33. Bd4
Kd7 34. e4 b5 35. Bc5 Be5 36. Bf8 g5 37. a4 c6+ 38. Kc5 Kc7 0-1

[Event "33. Potsdamer Weihnachtsturnier"]
[Site "Potsdam"]
[Date "2008.12.30"]
[Round "7.9"]
[White "Peschke, Uwe"]
[Black "Bachran, Boris"]
[Result "1-0"]
[WhiteElo "2124"]
[BlackElo "1960"]
[PlyCount "87"]
[EventDate "2009.??.??"]
[WhiteTeam "SC Empor Potsdam 1952 e.V."]
[BlackTeam "SG Lok Brandenburg, Abt. Schach"]

1. Nf3 d5 2. g3 Bf5 3. Bg2 c6 4. O-O Nf6 5. d3 e6 6. Nbd2 Bc5 7. Qe1 O-O 8. e4
dxe4 9. dxe4 Bg6 10. e5 Nd5 11. Ne4 Nd7 12. Nxc5 Nxc5 13. c4 Nb6 14. Be3 Nd3
15. Qc3 Na4 16. Qb3 Nac5 17. Qa3 Na6 18. Rfd1 Nab4 19. Qc3 Qc7 20. Nh4 Qxe5
21. Nxg6 hxg6 22. Qxe5 Nxe5 23. Bc5 Nxc4 24. Bxb4 Rfd8 25. Bc3 Nb6 26. f4 Nd5
27. Bxd5 exd5 28. Bd4 Re8 29. Re1 Re4 30. Rxe4 dxe4 31. Kf2 b6 32. b4 Rd8
33. Ke3 f5 34. Rc1 Rd6 35. a4 a5 36. bxa5 c5 37. Be5 Rd3+ 38. Ke2 bxa5 39. Rxc5
Ra3 40. Rxa5 Ra2+ 41. Kf1 Rxh2 42. Ra7 Kh7 43. Rxg7+ Kh6 44. Rg8 1-0

[Event "33. Potsdamer Weihnachtsturnier"]
[Site "Potsdam"]
[Date "2008.12.30"]
[Round "7.10"]
[White "Zschaebitz, Klaus"]
[Black "Zimmermann, René"]
[Result "1-0"]
[WhiteElo "2114"]
[BlackElo "2007"]
[PlyCount "115"]
[EventDate "2009.??.??"]
[WhiteTeam "BSG 1827 Eckbauer e.V."]
[BlackTeam "SG Gruen-Weiss Dresden"]

1. d4 d5 2. Nf3 e6 3. c4 c6 4. Qc2 f5 5. Bf4 Nf6 6. e3 Be7 7. Nc3 O-O 8. Bd3
Ne4 9. g4 Na6 10. a3 Qa5 11. Ke2 Nxc3+ 12. bxc3 Nc7 13. Ne5 Ne8 14. c5 Bf6
15. c4 Bxe5 16. Bxe5 b6 17. gxf5 exf5 18. cxd5 cxd5 19. Qb3 Be6 20. Qb4 Qxb4
21. axb4 bxc5 22. dxc5 Nf6 23. f3 Rfc8 24. Ra6 Re8 25. Bxf6 gxf6 26. Kd2 Kf7
27. Rha1 Re7 28. b5 Rc8 29. Rxa7 Rxc5 30. b6 Rc8 31. Rxe7+ Kxe7 32. Ra7+ Kd6
33. Rxh7 Rb8 34. b7 Kc6 35. f4 Rxb7 36. Rxb7 Kxb7 37. Kc3 Kc6 38. Kd4 Kd6
39. Bc2 Bd7 40. h4 Be6 41. h5 Bf7 42. h6 Bg6 43. Bb3 Bh7 44. Bxd5 Ke7 45. Kc5
Bg6 46. Bg8 Kf8 47. h7 Kg7 48. Kd6 Bxh7 49. Bxh7 Kxh7 50. Kd7 Kh8 51. Ke6 Kg7
52. Kxf5 Kf7 53. e4 Ke7 54. Kg6 Ke6 55. Kg7 f5 56. e5 Kd5 57. Kf6 Ke4 58. Kg5
1-0

[Event "33. Potsdamer Weihnachtsturnier"]
[Site "Potsdam"]
[Date "2008.12.30"]
[Round "7.11"]
[White "Doehn, Raphael"]
[Black "Rivera Boris, Miguel"]
[Result "0-1"]
[WhiteElo "2077"]
[BlackElo "1948"]
[PlyCount "46"]
[EventDate "2009.??.??"]
[WhiteTeam "USV TU Dresden"]
[BlackTeam "Muldental Wilkau-Hasslau"]

1. e4 e5 2. Nf3 Nc6 3. Bb5 a6 4. Ba4 b5 5. Bb3 Bc5 6. c3 Nf6 7. O-O d6 8. d4
exd4 9. cxd4 Bb6 10. Bg5 h6 11. Bh4 O-O 12. Qd3 g5 13. d5 Nb4 14. Qd2 gxh4
15. Qxb4 h3 16. g3 Ng4 17. Nbd2 a5 18. Qc3 Ba6 19. Qc1 Qf6 20. Rb1 Rfe8 21. Bd1
b4 22. Nc4 Rxe4 23. Nfd2 Qxf2+ 0-1

[Event "33. Potsdamer Weihnachtsturnier"]
[Site "Potsdam"]
[Date "2008.12.30"]
[Round "7.12"]
[White "Schlueter, Bernd"]
[Black "Lehmann, Stefan"]
[Result "1-0"]
[WhiteElo "2076"]
[BlackElo "1764"]
[PlyCount "59"]
[EventDate "2009.??.??"]
[WhiteTeam "SV Rochade Potsdam-West e.V."]
[BlackTeam "Zwarte Pion"]

1. d4 Nf6 2. Nf3 e6 3. c4 d5 4. Nc3 c6 5. Bg5 Be7 6. e3 O-O 7. Rc1 Nbd7 8. Bd3
Re8 9. O-O h6 10. Bh4 a5 11. Qe2 dxc4 12. Bxc4 b5 13. Bd3 Bb7 14. Rfd1 Qb6
15. e4 a4 16. e5 Nd5 17. Bxe7 Nxc3 18. Rxc3 Rxe7 19. Qe4 Nf8 20. Qh4 Rd7
21. Rc5 Rad8 22. Rdc1 Rd5 23. Qe4 Rxc5 24. Rxc5 Nd7 25. Qh7+ Kf8 26. Rc1 c5
27. Qh8+ Ke7 28. Qxg7 cxd4 29. Nh4 Nf8 30. Bg6 1-0

[Event "33. Potsdamer Weihnachtsturnier"]
[Site "Potsdam"]
[Date "2008.12.30"]
[Round "7.13"]
[White "Gerlach, Ronny"]
[Black "Voelz, Stephan"]
[Result "1/2-1/2"]
[WhiteElo "1862"]
[BlackElo "2010"]
[PlyCount "42"]
[EventDate "2009.??.??"]
[WhiteTeam "SC Empor Potsdam 1952 e.V."]
[BlackTeam "Muldental Wilkau-Hasslau"]

1. d4 Nf6 2. c4 e6 3. Nf3 d5 4. Nc3 c6 5. e3 Nbd7 6. Bd3 dxc4 7. Bxc4 Be7
8. O-O O-O 9. e4 b5 10. Bd3 b4 11. Na4 Bb7 12. Qe2 Qa5 13. b3 c5 14. dxc5 Nxc5
15. Nxc5 Bxc5 16. Bb2 Be7 17. Nd2 Qh5 18. f3 Rfd8 19. Rac1 Bc5+ 20. Kh1 Bb6
21. Nc4 Bc7 1/2-1/2

[Event "33. Potsdamer Weihnachtsturnier"]
[Site "Potsdam"]
[Date "2008.12.30"]
[Round "7.14"]
[White "Platzek, Janine"]
[Black "Mueller, Denis"]
[Result "1/2-1/2"]
[WhiteElo "2033"]
[BlackElo "1927"]
[PlyCount "32"]
[EventDate "2009.??.??"]
[WhiteTeam "SC Zitadelle Spandau 1977 e.V."]
[BlackTeam "SF Wadgassen/Differten e.V."]

1. Nf3 Nf6 2. d4 g6 3. c4 Bg7 4. Nc3 O-O 5. e4 d6 6. Bd3 c5 7. dxc5 dxc5
8. Be3 Ng4 9. Bxc5 Nd7 10. Ba3 Bxc3+ 11. bxc3 Nde5 12. Nxe5 Nxe5 13. Be2 Qc7
14. O-O Be6 15. Qc2 Bxc4 16. Rfd1 Rfd8 1/2-1/2

[Event "33. Potsdamer Weihnachtsturnier"]
[Site "Potsdam"]
[Date "2008.12.30"]
[Round "7.15"]
[White "Welz, Peter"]
[Black "Bach, Markus"]
[Result "1-0"]
[WhiteElo "2205"]
[BlackElo "1959"]
[PlyCount "27"]
[EventDate "2009.??.??"]
[WhiteTeam "SV Empor Berlin e.V."]
[BlackTeam "TSV Großschoenau"]

1. e4 c6 2. d4 d5 3. e5 Bf5 4. c4 dxc4 5. Bxc4 e6 6. Ne2 Nd7 7. O-O Ne7
8. Nbc3 Nb6 9. Bb3 Ned5 10. Ng3 Bg6 11. Nce4 Be7 12. f4 f5 13. exf6 Nxf6
14. Ng5 1-0

[Event "33. Potsdamer Weihnachtsturnier"]
[Site "Potsdam"]
[Date "2008.12.30"]
[Round "7.16"]
[White "Richter, Hans-Peter"]
[Black "Bachmann, Volker"]
[Result "0-1"]
[WhiteElo "1959"]
[BlackElo "2083"]
[PlyCount "114"]
[EventDate "2009.??.??"]
[WhiteTeam "SC Empor Potsdam 1952 e.V."]
[BlackTeam "SC Empor Potsdam 1952 e.V."]

1. d4 Nf6 2. c4 g6 3. Nc3 d5 4. cxd5 Nxd5 5. e4 Nxc3 6. bxc3 Bg7 7. Bc4 c5
8. Be3 Qa5 9. Ne2 cxd4 10. Bxd4 e5 11. Be3 O-O 12. O-O Nc6 13. Qc2 b5 14. Bd5
Qc7 15. Rfc1 Bd7 16. a4 bxa4 17. Rxa4 Ne7 18. Rc4 Bc6 19. Bg5 Qd7 20. Bxe7 Bxd5
21. exd5 Qxe7 22. Ra4 Rfd8 23. c4 e4 24. Qa2 e3 25. f3 Rdb8 26. Rb1 Rb7 27. Rb5
Rab8 28. Rxa7 Rxb5 29. cxb5 Qb4 30. h3 Qxb5 31. d6 Qb1+ 32. Kh2 Be5+ 33. f4
Qxa2 34. Rxa2 Bxd6 35. g3 Rb3 36. Kg2 Kg7 37. Kf3 Kf6 38. Ra6 Ke7 39. Ra7+ Kf8
40. f5 Kg7 41. Nd4 e2+ 42. Kxe2 Rxg3 43. h4 Rg4 44. Ne6+ Kf6 45. Ng5 Rxh4
46. fxg6 Kxg5 47. g7 Re4+ 48. Kf3 Re8 49. Rxf7 Rg8 50. Ke4 h5 51. Kd5 Bf4
52. Ke6 h4 53. Rb7 Kg6 54. Rb4 Bg5 55. Rb7 Rxg7 56. Rb6 Re7+ 57. Kd5+ Kf5 0-1

[Event "33. Potsdamer Weihnachtsturnier"]
[Site "Potsdam"]
[Date "2008.12.30"]
[Round "7.17"]
[White "Schiffermueller, Stefan"]
[Black "Schrodt, Sebastian"]
[Result "1-0"]
[WhiteElo "1939"]
[BlackElo "2077"]
[PlyCount "55"]
[EventDate "2009.??.??"]
[WhiteTeam "SC Empor Potsdam 1952 e.V."]
[BlackTeam "SC Eintracht Berlin e.V."]

1. e4 e5 2. Nf3 d6 3. d4 exd4 4. Nxd4 Nf6 5. Nc3 Be7 6. Be2 O-O 7. O-O c6
8. f4 Qc7 9. Kh1 Re8 10. Nf3 Nbd7 11. Be3 Bf8 12. Bd3 b5 13. a3 a5 14. Re1 Rb8
15. Bd4 b4 16. axb4 axb4 17. Ra7 Bb7 18. e5 dxe5 19. fxe5 Ng4 20. Bxh7+ Kxh7
21. Ng5+ Kg8 22. Qxg4 Nf6 23. Qh4 c5 24. exf6 Rxe1+ 25. Bg1 Bxg2+ 26. Kxg2 Re2+
27. Kh1 Qc6+ 28. Nce4 1-0

[Event "33. Potsdamer Weihnachtsturnier"]
[Site "Potsdam"]
[Date "2008.12.30"]
[Round "7.18"]
[White "Schaarschmidt, Kay"]
[Black "Allgaier, Erik"]
[Result "0-1"]
[WhiteElo "1942"]
[BlackElo "2048"]
[PlyCount "58"]
[EventDate "2009.??.??"]
[WhiteTeam "Muldental Wilkau-Hasslau"]
[BlackTeam "BVG Helmholtz"]

1. e4 g6 2. d4 d6 3. Be3 Nf6 4. f3 c6 5. Nc3 Nbd7 6. Bc4 e5 7. Nge2 Qe7 8. Qd2
b5 9. Bb3 a6 10. O-O-O a5 11. dxe5 dxe5 12. a4 b4 13. Nb1 Ba6 14. Ng3 Rc8
15. Qf2 c5 16. Bd5 Nxd5 17. exd5 f5 18. h4 Bg7 19. Bg5 Qd6 20. h5 O-O 21. Qd2
Rf7 22. Rh3 c4 23. c3 Nc5 24. Qe3 Nd3+ 25. Rxd3 cxd3 26. hxg6 hxg6 27. Bh6 bxc3
28. Nxc3 f4 29. Ne4 Rxc3+ 0-1

[Event "33. Potsdamer Weihnachtsturnier"]
[Site "Potsdam"]
[Date "2008.12.30"]
[Round "7.19"]
[White "Brandt, Fred"]
[Black "Thiele, Jan"]
[Result "1/2-1/2"]
[WhiteElo "1917"]
[BlackElo "2039"]
[PlyCount "25"]
[EventDate "2009.??.??"]
[WhiteTeam "SV Koenigsjaeger Süd-West e.V."]
[BlackTeam "USC Magdeburg"]

1. d4 f5 2. Bg5 Nf6 3. Nc3 e6 4. e4 fxe4 5. Nxe4 Be7 6. Bxf6 Bxf6 7. Qh5+ g6
8. Qh6 Qe7 9. Nxf6+ Qxf6 10. Nf3 Qf8 11. Qxf8+ Rxf8 12. Bd3 Kf7 13. h4 1/2-1/2

[Event "33. Potsdamer Weihnachtsturnier"]
[Site "Potsdam"]
[Date "2008.12.30"]
[Round "7.20"]
[White "Goepel, Martin"]
[Black "Bernhoeft, Erhard"]
[Result "1/2-1/2"]
[WhiteElo "1803"]
[BlackElo "2037"]
[PlyCount "27"]
[EventDate "2009.??.??"]
[WhiteTeam "ESV Lok Falkenberg e.V."]
[BlackTeam "Potsdamer SV Mitte e.V."]

1. e4 c5 2. Nf3 Nc6 3. d4 cxd4 4. Nxd4 Qb6 5. Nxc6 dxc6 6. Nc3 e5 7. Bc4 Nf6
8. O-O Bg4 9. Qd3 Qd4 10. Be3 Qxd3 11. Bxd3 Be6 12. f3 Bb4 13. Na4 b6 14. a3
1/2-1/2

[Event "33. Potsdamer Weihnachtsturnier"]
[Site "Potsdam"]
[Date "2008.12.30"]
[Round "7.22"]
[White "Semmler, Reinhardt"]
[Black "Boettcher, Frank"]
[Result "0-1"]
[WhiteElo "2008"]
[BlackElo "1837"]
[PlyCount "110"]
[EventDate "2009.??.??"]
[WhiteTeam "SC Einheit Luckau, Abt. Schach"]
[BlackTeam "USV Potsdam e.V., Abt. Schach"]

1. b4 e5 2. Bb2 d6 3. e3 Be6 4. c4 f5 5. d4 Nd7 6. d5 Bf7 7. a3 Be7 8. Nc3
Ngf6 9. Nf3 h6 10. Qc2 g6 11. Be2 c6 12. Qb3 cxd5 13. cxd5 O-O 14. O-O a5
15. Rad1 axb4 16. axb4 Nb6 17. Rd2 Qd7 18. Bb5 Qc7 19. Rc1 Rfc8 20. Qd1 Qd8
21. Ne1 Nc4 22. Bxc4 Rxc4 23. Nc2 Rac8 24. Ne2 Qb6 25. Ba3 f4 26. Kh1 Ne4
27. Qe1 Nxd2 28. Qxd2 fxe3 29. Nxe3 Rxc1+ 30. Bxc1 Bg5 31. Qb2 Qb5 32. Ng1 Qd3
33. Bd2 Kh7 34. Qa2 Bxe3 35. Bxe3 Bxd5 36. Qa7 Qe4 37. f3 Qxb4 38. h3 Qb5
39. Qa3 Qa6 40. Qb2 Qd3 41. Qb6 Bc6 42. h4 Qc4 43. Bf2 e4 44. Qe3 Re8 45. Qf4
Qg8 46. Be3 Qf8 47. Qg3 exf3 48. Bd4 fxg2+ 49. Kh2 Re4 50. Be3 Qe7 51. Bf4 Qf6
52. Nh3 Bd7 53. Bg5 Qf1 54. Qxd6 Qh1+ 55. Kg3 Qxh3+ 0-1

[Event "33. Potsdamer Weihnachtsturnier"]
[Site "Potsdam"]
[Date "2008.12.30"]
[Round "7.23"]
[White "Fuchs, Raimond"]
[Black "Grigoleit, Steven"]
[Result "0-1"]
[WhiteElo "1914"]
[BlackElo "1970"]
[PlyCount "48"]
[EventDate "2009.??.??"]
[WhiteTeam "SC Zitadelle Spandau 1977 e.V."]
[BlackTeam "SC Empor Potsdam 1952 e.V."]

1. e4 c5 2. Nf3 d6 3. d4 cxd4 4. Nxd4 Nf6 5. Nc3 g6 6. Be3 Bg7 7. f3 O-O
8. Qd2 Nc6 9. Bc4 Bd7 10. h4 Rc8 11. Bb3 h5 12. O-O-O Ne5 13. Bg5 Nc4 14. Qd3
Ne5 15. Qd2 Re8 16. f4 Neg4 17. f5 Rxc3 18. Bxf6 Rxb3 19. Bxg7 Re3 20. Bh6 Rxe4
21. fxg6 fxg6 22. Rhf1 Rxd4 23. Qg5 Rxd1+ 24. Kxd1 Ne5 0-1

[Event "33. Potsdamer Weihnachtsturnier"]
[Site "Potsdam"]
[Date "2008.12.30"]
[Round "7.24"]
[White "Mueller, Elke"]
[Black "Schilly, Hans-Joachim"]
[Result "0-1"]
[WhiteElo "2021"]
[BlackElo "1829"]
[PlyCount "94"]
[EventDate "2009.??.??"]
[WhiteTeam "SF Wadgassen/Differten e.V."]
[BlackTeam "SF Siemensstadt"]

1. e4 c6 2. d4 d5 3. Nc3 dxe4 4. Nxe4 Nd7 5. Nf3 Ngf6 6. Ng3 Qc7 7. Bd3 e6
8. Qe2 Be7 9. Bd2 O-O 10. Ne5 b6 11. Bg5 Bb7 12. O-O-O c5 13. Nxd7 Qxd7
14. dxc5 Qa4 15. Kb1 bxc5 16. Bc4 h6 17. Bb3 Qc6 18. Bc1 a5 19. Bc4 a4 20. a3
Ba6 21. f3 Bxc4 22. Qxc4 Nd5 23. Nf5 Rfe8 24. Nxe7+ Rxe7 25. Rhe1 Rb7 26. Ka1
Rab8 27. Re4 Qb6 28. Rd3 Qc7 29. Rg4 Qxh2 30. Rxd5 exd5 31. Qf4 Qxf4 32. Bxf4
Re8 33. Bxh6 f5 34. Rg3 Re1+ 35. Ka2 Re2 36. Kb1 d4 37. Bf4 d3 38. cxd3 Rbxb2+
39. Kc1 Ra2 40. Kb1 Rxa3 41. Bh6 Rb3+ 42. Ka1 Rb7 43. Bf4 Rd7 44. Bh6 c4 45. d4
Kh7 46. Bc1 Rxd4 47. Bb2 c3 0-1

[Event "33. Potsdamer Weihnachtsturnier"]
[Site "Potsdam"]
[Date "2008.12.30"]
[Round "7.25"]
[White "Schellknecht, Joerg"]
[Black "Rackowiak, Hans"]
[Result "1/2-1/2"]
[WhiteElo "1813"]
[BlackElo "1998"]
[PlyCount "22"]
[EventDate "2009.??.??"]
[WhiteTeam "SC Caissa Falkensee e.V."]
[BlackTeam "Potsdamer SV Mitte e.V."]

1. e4 d5 2. exd5 Nf6 3. c4 c6 4. dxc6 Nxc6 5. Nf3 e5 6. d3 Bg4 7. Be2 e4
8. dxe4 Qxd1+ 9. Bxd1 Nxe4 10. O-O O-O-O 11. Nbd2 Nxd2 1/2-1/2

[Event "33. Potsdamer Weihnachtsturnier"]
[Site "Potsdam"]
[Date "2008.12.30"]
[Round "7.26"]
[White "Muehlhan, Klaus"]
[Black "Kliem, Helmut"]
[Result "1-0"]
[WhiteElo "1988"]
[BlackElo "1807"]
[PlyCount "123"]
[EventDate "2009.??.??"]
[WhiteTeam "SC Empor Potsdam 1952 e.V."]
[BlackTeam "SV Königsjäger Süd-West e.V."]

1. e4 c5 2. d4 cxd4 3. c3 d3 4. Bxd3 d6 5. Nf3 Nc6 6. O-O Nf6 7. Bf4 g6 8. Qe2
Bg7 9. Rd1 O-O 10. h3 Qb6 11. Na3 e5 12. Be3 Qc7 13. Rac1 a6 14. b4 b5 15. Qd2
Rb8 16. Nb1 Be6 17. Ng5 Rfd8 18. Nxe6 fxe6 19. a4 bxa4 20. Qa2 d5 21. exd5 exd5
22. Bxa6 Kh8 23. b5 Ne7 24. Qxa4 Nf5 25. Bg5 Qb6 26. Qa2 Qc5 27. Qe2 h6
28. Bxf6 Bxf6 29. Nd2 e4 30. Nb3 Qb6 31. c4 Nd4 32. Nxd4 Bxd4 33. cxd5 Rxd5
34. Qxe4 Bxf2+ 35. Kh2 Rxd1 36. Rxd1 Rf8 37. Qe5+ Qf6 38. Qxf6+ Rxf6 39. g4 Kg7
40. Rd7+ Rf7 41. Rd5 g5 42. Bc8 Bb6 43. Bf5 Rf6 44. Kg2 Be3 45. Kf3 Bf4 46. h4
Rb6 47. h5 Kf6 48. Ke4 Ke7 49. Bc8 Rd6 50. Rxd6 Bxd6 51. Kd5 Bb8 52. b6 Kd8
53. Bf5 Bf4 54. Ke6 Ke8 55. Kf6 Kf8 56. Bd7 Kg8 57. Kg6 Kf8 58. Kxh6 Kf7
59. Bf5 Kf6 60. Kh7 Kf7 61. Bd3 Be5 62. h6 1-0

[Event "33. Potsdamer Weihnachtsturnier"]
[Site "Potsdam"]
[Date "2008.12.30"]
[Round "7.27"]
[White "Segerberg, Tomas"]
[Black "Ulrich, Gert"]
[Result "1-0"]
[WhiteElo "1927"]
[BlackElo "1779"]
[PlyCount "53"]
[EventDate "2009.??.??"]
[WhiteTeam "SG Narva Berlin e.V."]
[BlackTeam "ESV Delitzsch"]

1. e4 c5 2. Nf3 e6 3. d4 cxd4 4. Nxd4 a6 5. c4 Ne7 6. Nc3 Nbc6 7. Nc2 Ng6
8. Be2 Qc7 9. O-O Bd6 10. h3 O-O 11. b3 Be5 12. Bd2 f5 13. exf5 Rxf5 14. Ne3
Rf7 15. Ng4 Bd4 16. Rc1 b6 17. Bf3 Bb7 18. Bg5 Raf8 19. Be4 Rxf2 20. Nxf2 Rxf2
21. Rxf2 Qg3 22. Qd2 Bxf2+ 23. Qxf2 Qxg5 24. Rf1 Qe7 25. Qxb6 d5 26. cxd5 exd5
27. Bxd5+ 1-0